Nhiên liệu và dầu mỡ dùng cho xe máy

Đã lưu trong:
Bibliografiske detaljer
Hovedforfatter: Nguyễn Ngọc Am
Format: Bog
Sprog:Undetermined
Udgivet: Hà Nội Công nhân kĩ thuật 1977
Fag:
Tags: Tilføj Tag
Ingen Tags, Vær først til at tagge denne postø!
Thư viện lưu trữ: Trung tâm Học liệu Trường Đại học Cần Thơ
LEADER 00498nam a2200169Ia 4500
001 CTU_14650
008 210402s9999 xx 000 0 und d
082 |a 629.2538 
082 |b A104 
100 |a Nguyễn Ngọc Am 
245 0 |a Nhiên liệu và dầu mỡ dùng cho xe máy 
245 0 |c Nguyễn Ngọc Am 
260 |a Hà Nội 
260 |b Công nhân kĩ thuật 
260 |c 1977 
650 |a motobycle 
980 |a Trung tâm Học liệu Trường Đại học Cần Thơ